LIBRARY ONLINE CATALOGUE

Probability and statistics for engineering and computing sciences (Record no. 18864)

MARC details
000 -LEADER
fixed length control field 00426nam a22001457a 4500
008 - FIXED-LENGTH DATA ELEMENTS--GENERAL INFORMATION
fixed length control field 210302b xxu||||| |||| 00| 0 eng d
020 ## - INTERNATIONAL STANDARD BOOK NUMBER
International Standard Book Number 00710878585
100 ## - MAIN ENTRY--PERSONAL NAME
Personal name Milton, Susan J.
245 ## - TITLE STATEMENT
Title Probability and statistics for engineering and computing sciences
Statement of responsibility, etc. J. Susan Milton
260 ## - PUBLICATION, DISTRIBUTION, ETC. (IMPRINT)
Place of publication, distribution, etc. New York
Name of publisher, distributor, etc. McGrawhill
Date of publication, distribution, etc. 2013
300 ## - PHYSICAL DESCRIPTION
Extent xiv, 431p.
700 ## - ADDED ENTRY--PERSONAL NAME
Personal name Jesse C. Arnold
700 ## - ADDED ENTRY--PERSONAL NAME
Personal name Liu Kwong Ip
942 ## - ADDED ENTRY ELEMENTS (KOHA)
Source of classification or shelving scheme Library of Congress Classification
Koha item type General Collection
Holdings
Withdrawn status Lost status Source of classification or shelving scheme Not for loan Home library Current library Date acquired Total Checkouts Total Renewals Full call number Barcode Date last seen Date last checked out Price effective from Koha item type
    Library of Congress Classification   Kabarak, Main Campus Kabarak, Main Campus 02/03/2021 4 1 QA273 .M55 2013 c.1 030592 17/04/2023 31/03/2023 02/03/2021 General Collection